Analytical chemistry theory and practice

Saved in:
Bibliographic Details
Main Author: VERMA, R. M.
Format: Book
Language:English
Published: CBS Publishers 1994
Tags: Add Tag
No Tags, Be the first to tag this record!

MARC

LEADER 00000nam a22000007a 4500
008 210419b ||||| |||| 00| 0 eng d
020 |a 81-239-0266-2 
100 |a VERMA, R. M. 
245 |a Analytical chemistry  |b theory and practice  |c R. M. Verma.  |g xxiii 561p.; ill. 
250 |b 3rd ed 
260 |b CBS Publishers  |c 1994  |h New Delhi  |i 691654   |i 691655   |l QD101.2 .V59  |m Chemistry, Analytic – Quantitative 
500 |a “It includes index” 
942 |a lcc  |c BK  |e ADEKANYE, I. H.  |f 19/04/2021 
952 |0 0  |1 0  |2 lcc  |4 0  |6 QD01012 V59  |7 0  |9 2178  |a HOL  |b SL  |c QZ  |d 2021-04-19  |l 0  |o QD101.2 .V59  |p 2021-6032  |r 2021-04-19 00:00:00  |w 2021-04-19  |y BK 
952 |0 0  |1 0  |2 lcc  |4 0  |6 QD01012 V59  |7 0  |9 2179  |a HOL  |b HOL  |c QZ  |d 2021-04-19  |l 0  |o QD101.2 .V59  |p 2021-6033  |r 2021-04-19 00:00:00  |w 2021-04-19  |y BK 
999 |c 1134  |d 1134